| 000 | 02170cam a22004934i 4500 | ||
|---|---|---|---|
| 003 | PE-LiUPU | ||
| 005 | 20250731173053.0 | ||
| 008 | 180307s2003 ne 0 rb 001 0 eng d | ||
| 020 | _a9789004351684 | ||
| 035 | _a(Sirsi) a241447 | ||
| 040 |
_aPE-LiUPU _bspa _cPE-LiUPU _erda |
||
| 049 | _aPRUA | ||
| 082 | 0 | 4 |
_a230.994 _bT4 _223 |
| 245 | 0 | 4 |
_aThe theology of Amos Yong and the new face of pentecostal scholarship : _bpassion for the spirit / _cEdited by, Wolfgang Vondey; Martin William Mittelstadt. |
| 264 | 1 |
_aBoston : _bBrill, _c2003. |
|
| 300 |
_a290 páginas ; _c24 centímetros. |
||
| 336 |
_atext _2rdacontent |
||
| 337 |
_aunmediated _2rdamedia |
||
| 338 |
_avolume _2rdacarrier |
||
| 490 | 0 |
_aGlobal pentecostal and charismatic studies ; _v14 |
|
| 504 | _aBibliografía : páginas 275-282. | ||
| 504 | _aIndice : páginas 283-290. | ||
| 505 | 0 | _aAmos yong and the biblical foundation of pentecostal theology -- Amos Yong and the pluralism and dissolution of late modernity -- Metaphysics, epistemology, and hermeneutics in the work of amor yong -- Amos Yong, the spirit, and the trinity -- Amos Yong´s christian theology of religions -- Amos Yong and foundations of ecumenical and interfaith relations -- Amos Yong´s theology of disability --Amos Yong and the engagement of contemporary culture -- Amos Yong and the theology and science dialogue -- Amos Yong, pentecostalism, and eastern orthodoxy. | |
| 526 | _aSEG42 | ||
| 526 | _aSEG41 | ||
| 526 | _aSEG40 | ||
| 526 | _aSEG39 | ||
| 526 | _aP94 | ||
| 526 | _aP87 | ||
| 526 | _aP86 | ||
| 526 | _aP85 | ||
| 526 | _aP77 | ||
| 526 | _aP76 | ||
| 526 | _aP35 | ||
| 650 | 1 | 4 |
_aIglesias pentecostales _xDoctrinas. |
| 700 | 1 |
_aWilliam, Martin, _eeditor. |
|
| 700 | 1 |
_aVondey, wolfgang, _eeditor. |
|
| 910 |
_adbm _bksl _cksl _d20180307 |
||
| 942 |
_2ddc _cBOOK |
||
| 994 |
_aC0 _bPEPRU |
||
| 596 | _a1 | ||
| 999 |
_a230.994 T4 _wLC _c27074 _i78141 _f2021-11-9 _g4 _lCCODEBUL1 _mBUL _p32.00 _r0 _sY _tBOOK _u2018-3-7 _xTEOLOGIA _PP35 _0COMPRA _1FCOMPRA _o.STAFF. Colección Teología _d27074 |
||
| 980 |
_81 _gALBERTO SANCHEZ Responsable de Automatización |
||